000 00480nam a22001697a 4500
005 20251108175939.0
008 250721s2020 xx 000 0 ara d
082 1 4 _a940/عبو
100 1 _aعبوش، أحمد صالح
245 1 0 _aتاريخ أوروبا في عصر النهضة /
264 1 _aعمان :
_bدار الفكر،
_c2020.
300 _a288ص.
650 1 7 _aتاريخ اوروبا
650 1 7 _aعصر النهضة
942 _2ddc
_cBK
999 _c146189
_d146189